Responses for Show #1717 - Tuesday, February 4, 1992

Contestants

[<< previous game]

Keith Kosco, a corporate attorney from Pasadena, California

Sharon Goldstein, a word processor from Hollywood, California

Bob Murphy, a pediatrician from Oakhurst, New Jersey (whose 2-day cash winnings total $20,300)

[next game >>]

Jeopardy! Round responses

AUTHORS
POP MUSIC
INTERNATIONAL CUISINE
SPORTS GREATS
ANTIQUITIES
"O" NO!
(Alex: That letter will figure prominently in all of the correct responses.)
    $100 3
Hans Christian Andersen

Bob
    $100 22
(Bob: What is "All Right"?)

"Uptight"

Bob
Triple Stumper
    $100 17
bread

Sharon
    $100 1
Wayne Gretzky

Bob
    $100 5
water

Bob
    $100 12
Oscar Mayer

Bob
    $200 8
Chaucer

Sharon
    $500 23
The Beach Boys

Keith
    $200 18
(Alex: Go to a cocktail party. You'll run into one.)

the water chestnut

Triple Stumper
    $200 2
Willie Mays

Keith
    $200 27
England

Sharon
    $200 13
an onion

Triple Stumper
    $300 9
(J.M.) Barrie

Sharon
    $300 24
Lionel Richie

Keith
    $300 19
green

Sharon
    $300 4
UCLA

Keith
    $300 28
bells

Keith
    $300 14
an obelisk

Sharon
    $400 10
Ethan Allen

Bob
    $400 25
Michael Jackson

Bob
    $400 20
prosciutto

Sharon
    $400 6
bowling

Bob
    $400 29
King Tut

Keith
    $400 15
an ocelot

Sharon
    $500 11
(Edward) Lear

Sharon
    $500 26
the twist

Sharon
    $500 21
whipped cream

Keith
    $500 7
(Keith: What is the shotput?)

the discus throw

Keith
Triple Stumper
    $500 30
red

Sharon
    $500 16
(Alex: Sharon knew that.)

Joyce Carol Oates

Triple Stumper

Scores at the first commercial break (after clue 16):

Bob Sharon Keith
$1,200 $1,700 $0

Scores at the end of the Jeopardy! Round:

Bob Sharon Keith
$1,500 $3,700 $2,000

Double Jeopardy! Round responses

HISTORIC NAMES
SHAKESPEARE
MUSEUMS
RIVERS
SCIENCE & TECHNOLOGY
FIRST LADIES' FATHERS
(Alex: We will give you the father or information about the father; you have to identify the first lady.)
    $200 2
Custer

Sharon
    $200 3
trouble

Keith
    $200 12
(Bob: What is the British Museum?)

the Louvre

BobSharon
    $200 17
the Thames

Keith
    $200 1
glass

Keith
    $200 22
Pat Nixon

Sharon
    $400 4
Marie Antoinette

Sharon
    $400 8
Hamlet

Bob
    $400 13
Will Rogers

Bob
    $400 18
the Rhine

Keith
    $400 23
(the) North (Pole)

Sharon
    $400 27
Mary Todd Lincoln

Keith
    $600 5
Becket

Keith
    $600 9
Troilus and Cressida

Bob
    $600 14
Geneva

Bob
    $600 19
(Bob: What is the Yukon?)
(Sharon: What is the Saint Lawrence?)

the Saskatchewan

BobSharon
Triple Stumper
    $600 24
potassium

Bob
    $600 28
Martha Washington

Triple Stumper
    $800 6
Simon Bolivar

Keith
    $800 10
(Bob: What is Venice?)

Verona

BobSharon
    $800 15
(Sharon: What is Moscow?)

Leningrad

BobSharon
    $2,500 20
(Keith: Uh, what--what are--what is--are "N-I", [*]?)

the Niger & the Nile

Keith
    $800 25
Zeppelin

Bob
    $800 29
Mamie Eisenhower

Bob
    $1000 7
(John) Knox

Sharon
    $2,000 11
Othello

Sharon
    $1000 16
the Mint

Keith
    $1000 21
the Rio de la Plata

Bob
    $1000 26
the tiles

Keith
    $1000 30
Frances Folsom Cleveland

Triple Stumper

Scores at the end of the Double Jeopardy! Round:

Bob Sharon Keith
$5,900 $7,500 $9,300

[wagering suggestions for these scores]

Final Jeopardy! Round responses

MAGAZINES
(Alex: [To Bob] "Who is Rock Hudson?" I'm sorry, that is incorrect.)
...
(Alex: [To Sharon] Yes, a tragic story.)
...
(Alex: [To Keith] Had Bob Hope, crossed him out, and then put "J.M."...)
(Keith: Stewart. It was supposed to be Jimmy Stewart.)
(Alex: Jimmy Stewart, no.)
(Keith: I think he's still alive.)
(Alex: Both Bob Hope and Jimmy Stewart are still very much alive.)
BobWho is R Hudson?
$3,500
SharonWho was Michael Landon?
$2,500
KeithWho is Bob Hope Jim Stewa
$0
Michael Landon

Final scores:

Bob Sharon Keith
$2,400 $10,000 $9,300
3rd place: Landes Maestri Series 5-piece silver hostess serving set crafted from fine Italian silver plate + the Jeopardy! home game New champion: $10,000 2nd place: a trip to Tuscon, Arizona on Delta Airlines + Sheraton Tuscon El Conquistador golf & tennis resort at the foot of the scenic Santa Catalina Mountains + the Jeopardy! home game

Game dynamics:

Coryat scores:

Bob Sharon Keith
$5,900 $6,500 $7,300
16 R,
4 W
19 R
(including 1 DD),
2 W
17 R
(including 2 DDs),
1 W

Combined Coryat: $19,700

[game clues] [game scores] [suggest correction]

Game tape date: 1991-11-13
The J! Archive is created by fans, for fans. Scraping, republication, monetization, and malicious use prohibited; this site may use cookies and collect identifying information. See terms. The Jeopardy! game show and all elements thereof, including but not limited to copyright and trademark thereto, are the property of Jeopardy Productions, Inc. and are protected under law. This website is not affiliated with, sponsored by, or operated by Jeopardy Productions, Inc. Join the discussion at JBoard.tv.